Algorithm of Route Position's Detecting for Service Transport; Applied Mechanics and Materials; Vol. 770 : Urgent Problems of Up-to-Date Mechanical Engineering

Bibliographische Detailangaben
Parent link:Applied Mechanics and Materials: Scientific Journal
Vol. 770 : Urgent Problems of Up-to-Date Mechanical Engineering.— 2015.— [P. 495-500]
1. Verfasser: Savrasov F. V. Fedor Vitalievich
Körperschaft: Национальный исследовательский Томский политехнический университет (ТПУ) Институт кибернетики (ИК) Кафедра информатики и проектирования систем (ИПС)
Weitere Verfasser: Meyta R. V. Roman Valerievich
Zusammenfassung:Title screen
The problem associated with the current location’s determination of the transport unit moving on the pre-planned route is observed. Criteria to be followed when solving this problem are designated. An algorithm allowing the operational monitoring of the movement with the possibility of immediate alert the dispatcher about timetable's adherence is proposed.
Режим доступа: по договору с организацией-держателем ресурса
Sprache:Englisch
Veröffentlicht: 2015
Schriftenreihe:Mechatronics, Automation and Control
Schlagworte:
Online-Zugang:http://dx.doi.org/10.4028/www.scientific.net/AMM.770.495
Format: Elektronisch Buchkapitel
KOHA link:https://koha.lib.tpu.ru/cgi-bin/koha/opac-detail.pl?biblionumber=643416

MARC

LEADER 00000nla2a2200000 4500
001 643416
005 20260407143151.0
035 |a (RuTPU)RU\TPU\network\8408 
035 |a RU\TPU\network\8406 
090 |a 643416 
100 |a 20150909a2015 k y0engy50 ba 
101 0 |a eng 
105 |a a z 101zy 
135 |a drcn ---uucaa 
181 0 |a i  
182 0 |a b 
200 1 |a Algorithm of Route Position's Detecting for Service Transport  |f F. V. Savrasov, R. V. Meyta 
203 |a Text  |c electronic 
225 1 |a Mechatronics, Automation and Control 
300 |a Title screen 
330 |a The problem associated with the current location’s determination of the transport unit moving on the pre-planned route is observed. Criteria to be followed when solving this problem are designated. An algorithm allowing the operational monitoring of the movement with the possibility of immediate alert the dispatcher about timetable's adherence is proposed. 
333 |a Режим доступа: по договору с организацией-держателем ресурса 
461 0 |0 (RuTPU)RU\TPU\network\5920  |t Applied Mechanics and Materials  |o Scientific Journal 
463 0 |0 (RuTPU)RU\TPU\network\8263  |t Vol. 770 : Urgent Problems of Up-to-Date Mechanical Engineering  |o International conference, December 11-12, 2014, Yurga, Russia  |o [proceedings]  |f National Research Tomsk Polytechnic University (TPU) ; ed. D. A. Chinakhov  |v [P. 495-500]  |d 2015 
610 1 |a электронный ресурс 
610 1 |a труды учёных ТПУ 
610 1 |a мобильные терминалы 
610 1 |a обнаружение 
610 1 |a транспорт 
610 1 |a маршруты 
610 1 |a мониторинг 
700 1 |a Savrasov  |b F. V.  |c Specialist in the field of power engineering  |c Associate Professor, Research engineer of the Tomsk Polytechnic University, Candidate of technical Sciences  |f 1980-  |g Fedor Vitalievich  |y Tomsk  |3 (RuTPU)RU\TPU\pers\33687  |9 17318 
701 1 |a Meyta  |b R. V.  |c specialist in the field of informatics and computer technology  |c laboratory assistant of Tomsk Polytechnic University  |f 1990-  |g Roman Valerievich  |3 (RuTPU)RU\TPU\pers\35167 
712 0 2 |a Национальный исследовательский Томский политехнический университет (ТПУ)  |b Институт кибернетики (ИК)  |b Кафедра информатики и проектирования систем (ИПС)  |3 (RuTPU)RU\TPU\col\18697 
801 2 |a RU  |b 63413507  |c 20150910  |g RCR 
856 4 0 |u http://dx.doi.org/10.4028/www.scientific.net/AMM.770.495 
942 |c CF